| 000 | 01032cam a22003373a 4500 | ||
|---|---|---|---|
| 001 | 985 | ||
| 003 | PGUSA | ||
| 005 | 20140828082955.0 | ||
| 008 | 060205s2006||||xxu|||||s|||||000 1 eng d | ||
| 040 |
_aPGUSA _beng |
||
| 042 | _adc | ||
| 050 | 4 | _aPG | |
| 100 | 1 |
_aTolstoy, Leo, graf, _d1828-1910 |
|
| 245 | 1 | 0 |
_aFather Sergius _h[electronic resource] / _cLeo, graf Tolstoy |
| 260 |
_bProject Gutenberg, _c2006 |
||
| 506 | _aPublic domain in the USA. | ||
| 516 | _aElectronic text | ||
| 653 | _aBetrothal -- Fiction | ||
| 653 | _aMonks -- Fiction | ||
| 653 | _aRussian fiction -- Translations into English | ||
| 653 | _aMonasteries -- Russia -- Fiction | ||
| 653 | _aMiracle workers -- Fiction | ||
| 653 | _aRussia -- Fiction | ||
| 653 | _aRussia. Armiia -- Officers -- 19th century -- Fiction | ||
| 653 | _aAdultery -- Fiction | ||
| 700 | 1 |
_aMaude, Louise, _d1855-1939 |
|
| 700 | 1 |
_aMaude, Aylmer, _d1858-1938 |
|
| 830 | 0 |
_aProject Gutenberg _v985 |
|
| 856 | 4 | 0 | _uhttp://www.gutenberg.org/ebooks/985 |
| 942 | _cEB | ||
| 999 |
_c230336 _d230336 |
||